[Event "Rio de Janeiro Estadual Cup"]
[Site "Rio de Janeiro"]
[Date "2022.07.23"]
[Round "1"]
[White "Souza, Iago Henrique Da Si"]
[Black "Madeu, Fernando Antonio"]
[Result "1-0"]
[WhiteElo "2055"]
[BlackElo "1871"]
[PlyCount "81"]
[EventDate "2022.07.23"]
[EventType "swiss"]
[EventRounds "6"]
[EventCountry "BRA"]
[SourceTitle "EXT 2023"]
[Source "ChessBase"]
[SourceDate "2022.10.05"]
[SourceVersion "1"]
[SourceVersionDate "2022.10.05"]
[SourceQuality "1"]

1. d4 d5 2. Nf3 e6 3. g3 Be7 4. Bg2 Nf6 5. 0-0 0-0 6. Nbd2 c5 7. e3 Nbd7 8. b3 cxd4 9. exd4 Qc7 10. Bb2 b6 11. Rc1 Ba6 12. c4 Qd6 13. Re1 Rac8 14. Ne5 Bb7 15. Nb1 Rfe8 16. Ba3 Qb8 17. Nxd7 Nxd7 18. Bxe7 Rxe7 19. cxd5 Rxc1 20. Qxc1 Qa8 21. dxe6 Bxg2 22. exd7 Rxd7 23. Qe3 Rd8 24. Nd2 Bc6 25. f3 h6 26. Qf4 Qc8 27. Re7 Bd5 28. Rc7 Qe6 29. Qe5 a6 30. Kf2 Qh3 31. g4 Qh4+ 32. Qg3 Qf6 33. Qe5 Qh4+ 34. Ke2 b5 35. Rc5 Bb7 36. d5 Qh3 37. Kf2 Qh4+ 38. Ke2 Qh3 39. Kd3 Qh4 40. Ne4 Qe1 41. Nf6+ 1-0

[Event "Cinelandia Cortinhas Memorial 4th"]
[Site "Rio de Janeiro"]
[Date "2022.03.13"]
[Round "3"]
[White "Fernandes, Joao Manoel Strauss"]
[Black "Madeu, Fernando Antonio"]
[Result "0-1"]
[WhiteElo "1674"]
[BlackElo "1851"]
[PlyCount "104"]
[EventDate "2022.03.12"]
[EventType "swiss"]
[EventRounds "6"]
[EventCountry "BRA"]
[SourceTitle "CBM 207 Extra"]
[Source "ChessBase"]
[SourceDate "2022.05.31"]
[SourceVersion "1"]
[SourceVersionDate "2022.05.31"]
[SourceQuality "1"]

1. e4 c5 2. Nf3 e6 3. d4 cxd4 4. Nxd4 Nf6 5. Nc3 Nc6 6. Be3 d6 7. Be2 Be7 8. g4 a6 9. Qd2 Qc7 10. 0-0-0 0-0 11. g5 Nd7 12. h4 b5 13. h5 b4 14. Na4 Nxd4 15. Qxd4 Qa5 16. b3 e5 17. Qb2 Bb7 18. f3 Rac8 19. Kb1 Rfd8 20. g6 fxg6 21. hxg6 hxg6 22. Rhg1 d5 23. Rxg6 dxe4 24. Rdg1 Bf8 25. Bh6 Rc6 26. Bc4+ Kh7 27. Rxc6 Bxc6 28. Bg5 Nf6 29. Bf7 Ng8 30. c4 exf3 31. Qh2+ Nh6 32. Bg6+ Kh8 33. Bxd8 Qxd8 34. Qxe5 Qd6 35. Qxd6 Bxd6 36. Rd1 f2 37. Nb2 Bf3 38. Rf1 Bg3 39. Nd1 Be2 40. Rxf2 Bxf2 41. Nxf2 Kg8 42. Ne4 Bd3+ 43. Kc1 Kf8 44. Kb2 Ke7 45. a3 a5 46. axb4 axb4 47. Kc1 Ng4 48. Bh5 Bxe4 49. Bxg4 Kd6 50. Kd2 Ke5 51. Bd1 Kf4 52. Ke1 Ke3 0-1

[Event "Florianopolis op 6th"]
[Site "Florianopolis"]
[Date "2020.01.24"]
[Round "7"]
[White "Silva, Guilherme Henrique"]
[Black "Madeu, Fernando Antonio"]
[Result "1/2-1/2"]
[WhiteElo "1697"]
[BlackElo "1879"]
[PlyCount "53"]
[EventDate "2020.01.20"]
[EventType "swiss"]
[EventRounds "10"]
[EventCountry "BRA"]
[SourceTitle "CBM 194 Extra"]
[Source "ChessBase"]
[SourceDate "2020.03.31"]
[SourceVersion "1"]
[SourceVersionDate "2020.03.31"]
[SourceQuality "1"]

1. d4 Nf6 2. c4 e6 3. Nf3 d5 4. g3 Be7 5. Bg2 0-0 6. 0-0 dxc4 7. Qa4 Bd7 8. Qxc4 Bc6 9. Nc3 Nbd7 10. e3 Ne4 11. Nxe4 Bxe4 12. Rd1 Nb6 13. Qe2 Qd5 14. Ne1 Bxg2 15. Nxg2 e5 16. b3 exd4 17. Bb2 Bf6 18. Bxd4 Bxd4 19. Rxd4 Qg5 20. Qf3 c6 21. Rad1 Rad8 22. h4 Qe7 23. Qg4 Rxd4 24. Qxd4 Re8 25. Nf4 h6 26. Rd2 Qe5 27. Kg2 1/2-1/2

[Event "Florianopolis op 6th"]
[Site "Florianopolis"]
[Date "2020.01.23"]
[Round "5"]
[White "Zallio, Luciano de Souza"]
[Black "Madeu, Fernando Antonio"]
[Result "1-0"]
[WhiteElo "2245"]
[BlackElo "1879"]
[PlyCount "59"]
[EventDate "2020.01.20"]
[EventType "swiss"]
[EventRounds "10"]
[EventCountry "BRA"]
[SourceTitle "CBM 194 Extra"]
[Source "ChessBase"]
[SourceDate "2020.03.31"]
[SourceVersion "1"]
[SourceVersionDate "2020.03.31"]
[SourceQuality "1"]

1. Nf3 Nf6 2. b3 g6 3. Bb2 Bg7 4. c4 0-0 5. g3 c5 6. Bg2 Nc6 7. 0-0 d6 8. d4 cxd4 9. Nxd4 Nxd4 10. Qxd4 Ne8 11. Qd2 Bxb2 12. Qxb2 Qc7 13. Nc3 Nf6 14. Nb5 Qb6 15. Rfd1 Bd7 16. Nxd6 Ng4 17. Ne4 Bc6 18. e3 Bxe4 19. Bxe4 Nxe3 20. Rd2 Rad8 21. Re2 Ng4 22. Bf3 Nf6 23. Rxe7 Rd7 24. Rae1 Rfd8 25. c5 Qa6 26. c6 Rxe7 27. Rxe7 Ne8 28. Qe5 Ng7 29. Qf6 Rf8 30. Rxf7 1-0

[Event "BRA-ch Amateur U2000"]
[Site "Sao Paulo"]
[Date "2019.06.22"]
[Round "5"]
[White "Kim, Thiago"]
[Black "Madeu, Fernando Antonio"]
[Result "1/2-1/2"]
[WhiteElo "1679"]
[BlackElo "1938"]
[PlyCount "39"]
[EventDate "2019.06.20"]
[EventType "swiss"]
[EventRounds "7"]
[EventCountry "BRA"]
[SourceTitle "EXT 2020"]
[Source "ChessBase"]
[SourceDate "2019.10.17"]
[SourceVersion "1"]
[SourceVersionDate "2019.10.17"]
[SourceQuality "1"]

1. e4 c5 2. Nf3 d6 3. d4 cxd4 4. Nxd4 Nf6 5. Nc3 Nc6 6. Bg5 e6 7. Qd2 Be7 8. 0-0-0 Nxd4 9. Qxd4 0-0 10. f4 Qa5 11. Kb1 a6 12. Bd3 Rd8 13. Qf2 Ng4 14. Qh4 Bxg5 15. Qxg4 Bf6 16. Ne2 Bd7 17. c3 Bb5 18. Bc2 Bc4 19. Nc1 Qb5 20. Qg3 1/2-1/2

[Event "BRA-ch Amateur U2000"]
[Site "Sao Paulo"]
[Date "2019.06.21"]
[Round "4"]
[White "Madeu, Fernando Antonio"]
[Black "De Freitas, Julio Eimard"]
[Result "1/2-1/2"]
[WhiteElo "1938"]
[BlackElo "1806"]
[PlyCount "48"]
[EventDate "2019.06.20"]
[EventType "swiss"]
[EventRounds "7"]
[EventCountry "BRA"]
[SourceTitle "EXT 2020"]
[Source "ChessBase"]
[SourceDate "2019.10.17"]
[SourceVersion "1"]
[SourceVersionDate "2019.10.17"]
[SourceQuality "1"]

1. e4 c5 2. Nf3 d6 3. d4 cxd4 4. Nxd4 Nf6 5. Nc3 a6 6. Bg5 e6 7. Qf3 Nbd7 8. 0-0-0 Qa5 9. Bxf6 gxf6 10. Bc4 Qg5+ 11. Kb1 Ne5 12. Qe2 Nxc4 13. Qxc4 Bd7 14. g3 Rc8 15. Qe2 Be7 16. f4 Qa5 17. Rhe1 Rxc3 18. bxc3 0-0 19. Nb3 Qxc3 20. Qd3 Qc7 21. Qd4 Rc8 22. Rd2 a5 23. Red1 a4 24. Nc1 Qa5 1/2-1/2

[Event "BRA-ch Amateur U2000"]
[Site "Sao Paulo"]
[Date "2019.06.20"]
[Round "2"]
[White "Madeu, Fernando Antonio"]
[Black "Funayama S A, Yuri"]
[Result "1/2-1/2"]
[WhiteElo "1938"]
[BlackElo "1584"]
[PlyCount "71"]
[EventDate "2019.06.20"]
[EventType "swiss"]
[EventRounds "7"]
[EventCountry "BRA"]
[SourceTitle "EXT 2020"]
[Source "ChessBase"]
[SourceDate "2019.10.17"]
[SourceVersion "1"]
[SourceVersionDate "2019.10.17"]
[SourceQuality "1"]

1. e4 c5 2. Nf3 Nc6 3. d4 cxd4 4. Nxd4 Nf6 5. Nc3 e5 6. Ndb5 d6 7. Bg5 a6 8. Na3 b5 9. Nd5 Be7 10. Bxf6 Bxf6 11. c3 Bg5 12. Nc2 f5 13. exf5 Bxf5 14. Nce3 Be6 15. Bd3 0-0 16. Be4 Ra7 17. h4 Bxe3 18. Nxe3 Ne7 19. Nd5 Nxd5 20. Bxd5 Qf6 21. 0-0 Bxd5 22. Qxd5+ Raf7 23. g3 Rd8 24. a4 Rb8 25. a5 Rd8 26. Rad1 Qf3 27. Rd3 Qf5 28. Rd2 Qc8 29. Rfd1 Qc7 30. Qe6 Qc5 31. Qd5 Qxd5 32. Rxd5 Rfd7 33. Kf1 Kf7 34. Ke2 Ke6 35. Ke3 Rc8 36. R1d3 1/2-1/2

[Event "Rio de Janeiro Sartori Memorial 2nd"]
[Site "Rio de Janeiro"]
[Date "2018.07.17"]
[Round "5"]
[White "Madeu, Fernando Antonio"]
[Black "Lima, Alexandre Cesar da"]
[Result "1/2-1/2"]
[WhiteElo "1992"]
[BlackElo "1857"]
[PlyCount "136"]
[EventDate "2018.06.19"]
[EventType "swiss"]
[EventRounds "6"]
[EventCountry "BRA"]
[SourceTitle "EXT 2019"]
[Source "ChessBase"]
[SourceDate "2018.10.10"]
[SourceVersion "1"]
[SourceVersionDate "2018.10.10"]
[SourceQuality "1"]

1. e4 c5 2. Nf3 e6 3. d4 cxd4 4. Nxd4 Qc7 5. Nc3 a6 6. Be2 b5 7. 0-0 Bb7 8. a3 Nf6 9. Bf3 Nc6 10. Nxc6 dxc6 11. Qe2 Bd6 12. g3 0-0 13. Rd1 Rad8 14. Bg5 Be5 15. Bg2 h6 16. Be3 c5 17. f3 h5 18. Qf2 h4 19. Bxc5 hxg3 20. hxg3 Bxg3 21. Qe3 Rxd1+ 22. Rxd1 Rc8 23. Bb6 Qe5 24. Bd4 Bf4 25. Bxe5 Bxe3+ 26. Kf1 Nh5 27. Ke2 Bf4 28. Bxf4 Nxf4+ 29. Kf2 a5 30. Rd2 Bc6 31. Bf1 Rb8 32. Rd6 Be8 33. Ke3 g5 34. Ne2 Ng6 35. Nd4 Ne5 36. b3 Kf8 37. Ra6 a4 38. Ra5 b4 39. axb4 Rxb4 40. bxa4 Rxd4 41. Rxe5 Rxa4 42. Rxg5 Ke7 43. Rc5 Ra3+ 44. Bd3 Kd6 45. Rc8 Bd7 46. Rf8 Ke7 47. Rb8 Kd6 48. Rb3 Ra2 49. f4 f6 50. Kd4 Ra4+ 51. Kc3 f5 52. exf5 exf5 53. Rb6+ Kc7 54. Rb4 Ra5 55. Kd4 Kd6 56. Rb6+ Ke7 57. c4 Be6 58. Rb5 Ra4 59. Kc3 Ra3+ 60. Kd4 Kf6 61. Rb4 Ra1 62. c5 Rc1 63. Rb6 Rd1 64. c6 Ke7 65. c7 Rc1 66. Ke5 Rc5+ 67. Kd4 Rxc7 68. Bb5 Rc1 1/2-1/2

[Event "BRA-ch Amateur U2000"]
[Site "Sao Paulo"]
[Date "2018.06.01"]
[Round "4"]
[White "Madeu, Fernando Antonio"]
[Black "Da Silva, Joao Carlos Orguim"]
[Result "1/2-1/2"]
[WhiteElo "1998"]
[BlackElo "1839"]
[PlyCount "99"]
[EventDate "2018.05.31"]
[EventType "swiss"]
[EventRounds "7"]
[EventCountry "BRA"]
[SourceTitle "EXT 2021"]
[Source "ChessBase"]
[SourceDate "2020.10.23"]
[SourceVersion "1"]
[SourceVersionDate "2020.10.23"]
[SourceQuality "1"]

1. e4 c6 2. d4 d5 3. exd5 cxd5 4. c4 Nf6 5. Nc3 Nc6 6. Nf3 Bg4 7. Be2 e6 8. 0-0 Bxf3 9. Bxf3 Be7 10. Be3 Qd7 11. Qd2 0-0 12. Rfd1 Rfd8 13. cxd5 Nxd5 14. Nxd5 exd5 15. Rac1 Re8 16. a3 a6 17. Bg5 Rad8 18. Bxe7 Nxe7 19. Qf4 Rc8 20. Rxc8 Rxc8 21. Rc1 Rxc1+ 22. Qxc1 Qc6 23. Qf4 g6 24. g3 Kg7 25. Kg2 f6 26. h4 h5 27. Qb8 Kf7 28. Qd8 Ke6 29. Qb8 Qc8 30. Qf4 Nf5 31. Kh3 Qc4 32. g4 Nxd4 33. gxh5 Nxf3 34. Qxf3 gxh5 35. Qxh5 Qf1+ 36. Kg3 Qg1+ 37. Kh3 Qxf2 38. Qe8+ Kf5 39. Qd7+ Kf4 40. Qd6+ Ke3 41. Qe6+ Kd2 42. Qxd5+ Ke2 43. Qe4+ Kd2 44. h5 f5 45. Qd5+ Ke2 46. Qc4+ Kf3 47. Qd5+ Kf4 48. Qd6+ Kg5 49. Qg6+ Kf4 50. Qd6+ 1/2-1/2

[Event "Rio de Janeiro Motta Memorial 2nd"]
[Site "Rio de Janeiro"]
[Date "2018.02.27"]
[Round "2"]
[White "Lima, Alexandre Cesar da"]
[Black "Madeu, Fernando Antonio"]
[Result "1-0"]
[WhiteElo "1857"]
[BlackElo "1996"]
[PlyCount "131"]
[EventDate "2018.02.20"]
[EventType "swiss"]
[EventRounds "6"]
[EventCountry "BRA"]
[SourceTitle "CBM 183 Extra"]
[Source "ChessBase"]
[SourceDate "2018.04.19"]
[SourceVersion "1"]
[SourceVersionDate "2018.04.19"]
[SourceQuality "1"]

1. d4 d5 2. c4 c6 3. Nf3 Nf6 4. g3 e6 5. Bg2 Nbd7 6. Nfd2 Be7 7. Nc3 0-0 8. 0-0 Qc7 9. e4 dxe4 10. Ndxe4 Nxe4 11. Nxe4 Nf6 12. Nc3 Rd8 13. Be3 Bd7 14. Qe2 Be8 15. Rfd1 Qa5 16. a3 Rd7 17. b4 Qd8 18. Ra2 a5 19. b5 cxb5 20. Nxb5 Rc8 21. Bf4 Qb6 22. a4 Rdd8 23. Be5 Bxb5 24. axb5 Qa7 25. c5 Nd5 26. Qb2 b6 27. c6 Bd6 28. Bxd5 Bxe5 29. dxe5 exd5 30. Rd4 Qe7 31. f4 h5 32. Qa3 Qe6 33. Qf3 g6 34. Rad2 Qf5 35. Qd3 Qg4 36. Rxd5 Re8 37. Rd7 h4 38. Qe2 Qf5 39. c7 h3 40. Qd3 Qxd3 41. R2xd3 Kf8 42. Kf2 a4 43. g4 Ra8 44. Ra3 Ra5 45. Rd8 Ra8 46. Rxe8+ Kxe8 47. Rxa4 Rc8 48. Ra7 Kd7 49. Kg3 Ke6 50. Rb7 Kd5 51. Rxb6 Rxc7 52. Kxh3 Ke4 53. Rf6 Rc3+ 54. Kh4 Rc7 55. Kg5 Kd5 56. Kh6 Rc3 57. h4 Rg3 58. Kg5 Ke4 59. Rxf7 Kf3 60. b6 Rxg4+ 61. Kf6 Rxh4 62. b7 Rh8 63. Kxg6 Ke4 64. Kg7 Rb8 65. e6 Kd5 66. Kf6 1-0

[Event "Tijuca Tenis Clube op 2nd"]
[Site "Rio de Janeiro"]
[Date "2017.07.22"]
[Round "6"]
[White "Madeu, Fernando Antonio"]
[Black "Guimaraes, Wagner Peixoto"]
[Result "1/2-1/2"]
[WhiteElo "1988"]
[BlackElo "2196"]
[PlyCount "62"]
[EventDate "2017.07.15"]
[EventType "swiss"]
[EventRounds "6"]
[EventCountry "BRA"]
[SourceTitle "EXT 2019"]
[Source "ChessBase"]
[SourceDate "2018.10.10"]
[SourceVersion "1"]
[SourceVersionDate "2018.10.10"]
[SourceQuality "1"]

1. e4 c5 2. Nf3 Nc6 3. c3 e6 4. d4 d5 5. exd5 exd5 6. Bb5 Bd6 7. 0-0 Nge7 8. Nbd2 cxd4 9. Nxd4 0-0 10. N2f3 Bg4 11. Be2 a6 12. Be3 Qc7 13. h3 Bd7 14. Nb3 Rad8 15. Qd2 Ng6 16. Rfe1 Bc8 17. Bf1 Nce5 18. Nxe5 Bxe5 19. Nd4 h6 20. Nf3 Bd6 21. Rad1 Rfe8 22. Bd3 Re6 23. Qc2 Nf4 24. Bxf4 Rxe1+ 25. Rxe1 Bxf4 26. Qe2 Bd6 27. Nd4 Bf8 28. Qe5 Qxe5 29. Rxe5 Bd6 30. Re2 Kf8 31. Bf5 Bc5 1/2-1/2

[Event "Tijuca Tenis Clube op 2nd"]
[Site "Rio de Janeiro"]
[Date "2017.07.15"]
[Round "2"]
[White "Santos, Adriano Augusto Nev"]
[Black "Madeu, Fernando Antonio"]
[Result "1-0"]
[WhiteElo "1726"]
[BlackElo "1988"]
[PlyCount "151"]
[EventDate "2017.07.15"]
[EventType "swiss"]
[EventRounds "6"]
[EventCountry "BRA"]
[SourceTitle "EXT 2019"]
[Source "ChessBase"]
[SourceDate "2018.10.10"]
[SourceVersion "1"]
[SourceVersionDate "2018.10.10"]
[SourceQuality "1"]

1. e4 c5 2. Nf3 Nc6 3. Nc3 d6 4. d4 cxd4 5. Nxd4 Nf6 6. Be2 e6 7. 0-0 Be7 8. Be3 a6 9. a4 Bd7 10. Qd2 Qc7 11. f4 0-0 12. Nb3 b6 13. Bf3 Rab8 14. g4 Bc8 15. g5 Nd7 16. Ne2 Nc5 17. Ned4 Nxd4 18. Bxd4 Bb7 19. Nxc5 bxc5 20. Bc3 Rfd8 21. Ba5 Qd7 22. Bxd8 Qxd8 23. c3 Bc6 24. Rf2 e5 25. h4 f6 26. fxe5 fxg5 27. exd6 Bxd6 28. e5 Bxf3 29. Qxd6 g4 30. Rd2 Qxh4 31. Qxb8+ Kf7 32. Qc7+ Kg6 33. Qd6+ Kf5 34. Qd7+ Kf4 35. Rd4+ Kg3 36. Rxg4+ Bxg4 37. Qd2 Kf3 38. Rf1+ Ke4 39. Re1+ Kf5 40. Qd7+ Kg6 41. Qd6+ Kh5 42. Qd2 Qg3+ 43. Kf1 Qh3+ 44. Qg2 Qd3+ 45. Kg1 Bf3 46. Qh2+ Kg4 47. e6 Qg6 48. Kf1 Qf5 49. Kg1 Qg6 50. Kf1 Qf5 51. Kg1 Qg6 52. Qd2 Kh3+ 53. Kf2 Qg2+ 54. Ke3 Qg5+ 55. Kd3 Qd5+ 56. Kc2 Qf5+ 57. Qd3 Qxd3+ 58. Kxd3 Bc6 59. b4 cxb4 60. cxb4 Bxa4 61. Ke4 g5 62. Kd4 g4 63. Rh1+ Kg2 64. Rxh7 g3 65. Ke3 Kf1 66. Rf7+ Kg2 67. e7 Kh1 68. Rh7+ Kg2 69. Rh8 Kf1 70. e8Q Bxe8 71. Rxe8 g2 72. Rg8 g1Q+ 73. Rxg1+ Kxg1 74. Kd4 Kf2 75. Kc5 Ke3 76. Kb6 1-0

[Event "Rio de Janeiro Tijuca op 1st"]
[Site "Rio de Janeiro"]
[Date "2017.03.12"]
[Round "3"]
[White "Zacarias, Rodrigo Medeiros"]
[Black "Madeu, Fernando Antonio"]
[Result "1-0"]
[WhiteElo "2074"]
[BlackElo "2014"]
[PlyCount "55"]
[EventDate "2017.03.11"]
[EventType "swiss"]
[EventRounds "6"]
[EventCountry "BRA"]
[SourceTitle "CBM 177 Extra"]
[Source "ChessBase"]
[SourceDate "2017.04.27"]
[SourceVersion "1"]
[SourceVersionDate "2017.04.27"]
[SourceQuality "1"]

1. e4 c5 2. Nf3 Nc6 3. d4 cxd4 4. Nxd4 Nf6 5. Nc3 d6 6. Bg5 e6 7. Qd2 Be7 8. 0-0-0 0-0 9. Kb1 h6 10. Be3 a6 11. Be2 Qc7 12. Nxc6 Qxc6 13. Bxh6 Nxe4 14. Nxe4 Qxe4 15. Bd3 Qh4 16. Bf4 e5 17. Bg3 Qa4 18. b3 Qc6 19. Qe2 Be6 20. f4 exf4 21. Bxf4 g6 22. Bxg6 Bf6 23. Rd3 Rae8 24. Bh7+ Kxh7 25. Qh5+ Kg8 26. Rg3+ Bg7 27. Bh6 Qc3 28. Rxc3 1-0

[Event "Maravilhosa-ch op"]
[Site "Maravilhosa"]
[Date "2016.01.24"]
[Round "5"]
[White "Hungaski, Robert Andrew"]
[Black "Madeu, Fernando Antonio"]
[Result "1-0"]
[WhiteElo "2478"]
[BlackElo "2003"]
[PlyCount "61"]
[EventDate "2016.01.22"]
[EventType "swiss"]
[EventRounds "6"]
[EventCountry "BRA"]
[SourceTitle "CBM 170 Extra"]
[Source "ChessBase"]
[SourceDate "2016.02.25"]
[SourceVersion "1"]
[SourceVersionDate "2016.02.25"]
[SourceQuality "1"]

1. e4 c5 2. Nf3 d6 3. d4 cxd4 4. Nxd4 Nf6 5. Nc3 Nc6 6. Be2 e6 7. 0-0 Be7 8. Be3 a6 9. a4 Qc7 10. f4 Nxd4 11. Qxd4 Bd7 12. e5 dxe5 13. fxe5 Nd5 14. Nxd5 exd5 15. Qxd5 Be6 16. Qe4 Rd8 17. Bd3 Rd5 18. Bf4 Bc5+ 19. Kh1 Bd4 20. c3 Bc5 21. Bc4 Rd7 22. Bxe6 fxe6 23. Bg3 Rf7 24. Rxf7 Qxf7 25. Qc4 Qe7 26. Bh4 g5 27. Bxg5 Qxg5 28. Qxc5 Qd8 29. Rf1 Rg8 30. h3 Qd7 31. a5 1-0

[Event "Rio de Janeiro Fexerj op"]
[Site "Rio de Janeiro"]
[Date "2012.09.01"]
[Round "6"]
[White "Madeu, Fernando Antonio"]
[Black "Mariano de Oliveira, Geovane"]
[Result "1/2-1/2"]
[WhiteElo "2001"]
[BlackElo "2026"]
[PlyCount "28"]
[EventDate "2012.08.25"]
[EventType "swiss"]
[EventRounds "7"]
[EventCountry "BRA"]
[SourceTitle "CBM 150 Extra"]
[Source "ChessBase"]
[SourceDate "2012.10.19"]
[SourceVersion "1"]
[SourceVersionDate "2012.10.19"]
[SourceQuality "1"]

1. e4 c5 2. Nf3 e6 3. d4 cxd4 4. Nxd4 a6 5. Bd3 Nf6 6. Nc3 Qc7 7. 0-0 d6 8. Be3 Be7 9. Qe2 Nbd7 10. f4 0-0 11. Nb3 b5 12. a3 Bb7 13. Rad1 Rac8 14. Kh1 d5 1/2-1/2

[Event "Rio de Janeiro Maravilhosa I"]
[Site "Rio de Janeiro"]
[Date "2009.01.31"]
[Round "6.5"]
[White "Fucs, Paulo Moses"]
[Black "Madeu, Fernando Antonio"]
[Result "1-0"]
[WhiteElo "2173"]
[BlackElo "2010"]
[PlyCount "81"]
[EventDate "2009.01.22"]
[EventType "swiss"]
[EventRounds "6"]
[EventCountry "BRA"]
[SourceTitle "EXT 2022"]
[Source "ChessBase"]
[SourceDate "2021.10.06"]
[SourceVersion "1"]
[SourceVersionDate "2021.10.06"]
[SourceQuality "1"]

1. d4 d5 2. Nf3 Nf6 3. Bf4 c6 4. e3 Bf5 5. Be2 e6 6. 0-0 h6 7. c4 Nbd7 8. h3 Be7 9. Nc3 0-0 10. c5 Ne4 11. Nxe4 dxe4 12. Ne5 Nf6 13. Bh2 Nd5 14. a3 f6 15. Nc4 e5 16. Qb3 exd4 17. exd4 Qd7 18. Rad1 Be6 19. Kh1 b5 20. cxb6 Nxb6 21. Nxb6 axb6 22. Qxb6 Bd6 23. Bxd6 Qxd6 24. d5 Bxd5 25. Bc4 Rfd8 26. Rd2 Rab8 27. Qd4 Qe6 28. Bxd5 Qxd5 29. Qxd5+ Rxd5 30. Rc2 Rd3 31. Ra1 Rdb3 32. Ra2 Kf7 33. Kg1 R8b6 34. Kf1 Ke6 35. Ke2 Kd5 36. Kd2 Kd4 37. Kc1 f5 38. a4 f4 39. a5 Ra6 40. Ra4+ Kd3 41. Rd2# 1-0

[Event "Rio de Janeiro Maravilhosa I"]
[Site "Rio de Janeiro"]
[Date "2009.01.29"]
[Round "4.8"]
[White "Chaves, Jorge Antonio Torre"]
[Black "Madeu, Fernando Antonio"]
[Result "0-1"]
[WhiteElo "2067"]
[BlackElo "2010"]
[PlyCount "142"]
[EventDate "2009.01.22"]
[EventType "swiss"]
[EventRounds "6"]
[EventCountry "BRA"]
[SourceTitle "EXT 2022"]
[Source "ChessBase"]
[SourceDate "2021.10.06"]
[SourceVersion "1"]
[SourceVersionDate "2021.10.06"]
[SourceQuality "1"]

1. d4 d5 2. c4 e6 3. Nc3 c6 4. Nf3 Nf6 5. e3 Nbd7 6. g4 Bb4 7. Bd2 Qe7 8. g5 Bxc3 9. Bxc3 Ne4 10. Qc2 Nxc3 11. Qxc3 dxc4 12. Bxc4 Nb6 13. Bb3 Nd5 14. Qd2 Qb4 15. Qxb4 Nxb4 16. Kd2 Ke7 17. a3 Nd5 18. Rhg1 Bd7 19. Rac1 Rhg8 20. Bc2 h6 21. h4 hxg5 22. hxg5 Rad8 23. Rh1 Rh8 24. Ne5 Bc8 25. Bd3 Nb6 26. b4 Nd7 27. Nxd7 Bxd7 28. f4 f6 29. gxf6+ gxf6 30. Rcg1 Rxh1 31. Rxh1 Rf8 32. Bg6 Rg8 33. Rh7+ Kd6 34. Be4 Rg1 35. Rh6 Ke7 36. Rh7+ Kd6 37. Rf7 f5 38. Bc2 Ra1 39. a4 Rh1 40. Rf8 Kc7 41. a5 Ra1 42. Rf7 Kd6 43. Rg7 b6 44. axb6 axb6 45. Bb3 Rb1 46. Kc3 Re1 47. Rg3 Re2 48. Bc4 Re1 49. Bd3 Ra1 50. Kb2 Re1 51. Rh3 Rg1 52. Rh2 Rg3 53. Re2 Be8 54. Kc3 Bh5 55. Re1 Bf3 56. b5 c5 57. dxc5+ Kxc5 58. Rc1 Bd5 59. Kd2+ Kb4 60. Rb1+ Kc5 61. Rc1+ Kb4 62. Re1 Rg2+ 63. Kc1 Kc3 64. Be2 Bb3 65. Kb1 Bc2+ 66. Kc1 Bd3 67. Bxd3 Kxd3 68. Rd1+ Kc3 69. Kb1 Rb2+ 70. Ka1 Rxb5 71. Rd6 e5 0-1